| 000 | 01316nam a2200337 i 4500 | ||
|---|---|---|---|
| 003 | EG-GICUC | ||
| 005 | 20260121101447.0 | ||
| 008 | 251210s1997 ua ||||fr|||| 000 0 ara d | ||
| 017 | _a1996/3606 | ||
| 040 |
_a EG-GICUC _bara _c EG-GICUC _d EG-GICUC _erda |
||
| 041 | _aara | ||
| 082 | 0 | 4 |
_221 _a343.451 _bم ع . و |
| 092 | 0 | 4 | _221 |
| 099 | _aLaw1 10 343.451 م ع . و 3 ed 1997 | ||
| 100 | 0 |
_aمعوض عبدالتواب _eمؤلف. |
|
| 245 | 1 | 2 |
_aالوسيط قي شرح جرائم الغش والتدليس وتقليد العلامات التجارية من الناحيتين الجنائية والمدنية / _cمعوض عبدالتواب |
| 250 |
_aالطبعة الثالثة _bمزيدة ومنقحة |
||
| 264 | 3 |
_aالإسكندرية : _bمنشأة المعارف, _c1997 |
|
| 300 |
_a500 صفحة ؛ _c24 سم |
||
| 336 |
_2rda content _atext |
||
| 337 |
_2rda media _aComputer |
||
| 338 |
_2rda carrier _aOnline Resource |
||
| 504 | _a ببليوجرافيا صفحة 467 : . | ||
| 546 | _aالنص باللغة العربية | ||
| 650 | 1 | 4 |
_aقمع الغش والتدليس _2qrmak |
| 650 | 1 | 4 | _aأركان الجريمة الدولية |
| 651 | 1 | _2qrmak | |
| 856 | 4 | 0 | _uhttps://fll.law.cu.edu.eg/fulltext/bks/B10-05387.pdf |
| 905 |
_a79 _eHassnaa |
||
| 942 |
_2ddc _cBK _e21 _n0 |
||
| 999 |
_c49493 _d49493 |
||